| 000 -LEADER |
| fixed length control field |
00842nam a22002777a 4500 |
| 001 - CONTROL NUMBER |
| control field |
15025 |
| 003 - CONTROL NUMBER IDENTIFIER |
| control field |
BD-DhUAP |
| 005 - DATE AND TIME OF LATEST TRANSACTION |
| control field |
20201129120901.0 |
| 008 - FIXED-LENGTH DATA ELEMENTS--GENERAL INFORMATION |
| fixed length control field |
201129s2009 ii a 001 0 eng |
| 020 ## - INTERNATIONAL STANDARD BOOK NUMBER |
| International Standard Book Number |
9780070677258 |
| 020 ## - INTERNATIONAL STANDARD BOOK NUMBER |
| International Standard Book Number |
0070677255 |
| 040 ## - CATALOGING SOURCE |
| Original cataloging agency |
DLC |
| Transcribing agency |
DLC |
| Modifying agency |
BD-DhUAP |
| Language of cataloging |
Eng |
| 082 ## - DEWEY DECIMAL CLASSIFICATION NUMBER |
| Edition number |
23 |
| Classification number |
615.1 BAS |
| 245 00 - TITLE STATEMENT |
| Title |
Basic & clinical pharmacology / |
| Statement of responsibility, etc. |
edited by Bertram G. Katzung, Susan B. Masters and Anthony J. Trevor. |
| 250 ## - EDITION STATEMENT |
| Edition statement |
11th ed. |
| 260 ## - PUBLICATION, DISTRIBUTION, ETC. |
| Place of publication, distribution, etc. |
New Delhi : |
| Name of publisher, distributor, etc. |
Tata McGraw Hill Education, |
| Date of publication, distribution, etc. |
c2009. |
| 300 ## - PHYSICAL DESCRIPTION |
| Extent |
xiii, 1218 pages : |
| Other physical details |
illustrations ; |
| Dimensions |
28 cm. |
| 490 ## - SERIES STATEMENT |
| Series statement |
a LANGE medical book. |
| 500 ## - GENERAL NOTE |
| General note |
Includes index. |
| 650 #0 - SUBJECT ADDED ENTRY--TOPICAL TERM |
| Topical term or geographic name entry element |
Clinical pharmacology. |
| 650 #0 - SUBJECT ADDED ENTRY--TOPICAL TERM |
| Topical term or geographic name entry element |
Pharmacology. |
| 700 1# - ADDED ENTRY--PERSONAL NAME |
| Personal name |
Katzung, Bertram G. |
| 700 1# - ADDED ENTRY--PERSONAL NAME |
| Personal name |
Masters, Susan B. |
| 700 1# - ADDED ENTRY--PERSONAL NAME |
| Personal name |
Trevor, Anthony J. |
| 942 ## - ADDED ENTRY ELEMENTS (KOHA) |
| Source of classification or shelving scheme |
|
| Koha item type |
Book |